| 000 | 00683nam a2200205Ii 4500 | ||
|---|---|---|---|
| 003 | JO-AjNU | ||
| 008 | 230605s9999||||xx |||||||||||||| ||und|| | ||
| 017 | _a2002/2/406 | ||
| 040 |
_aJO-AjNU _bara _erda _cJO-AjNU |
||
| 041 | _aara | ||
| 050 | 1 | 4 | _aQA76.8 2002 |
| 100 | 3 |
_aبصبوص ، محمد حسين, _eauthor _929746 |
|
| 245 | 0 | 0 | _aادارة شبكات الحاسوب |
| 264 | 3 | 1 | _aعمان:دار اليازوري ، 2002 |
| 300 | _a290ص | ||
| 336 |
_atext _btxt _2rdacontent |
||
| 337 |
_aunmediated _bn _2rdamedia |
||
| 338 |
_avolume _bnc _2rdacarrier |
||
| 650 | 4 |
_aشبكات الحاسبات الالكترونية -تكنولوجيا المعلومات _929747 |
|
| 999 |
_aA11707 _c15275 _d15275 |
||